| 000 | 00609 a2200181 4500 | ||
|---|---|---|---|
| 003 | Nust | ||
| 005 | 20230131095534.0 | ||
| 020 | _a8185063230 | ||
| 040 | _cNust | ||
| 082 | _a297.63, JAI | ||
| 100 |
_aJairazbhoy,Qasim Ali _9108156 |
||
| 245 |
_aMuhammad A Mercy to All The Nations _cAl -Hajj Qasim Ali Jairazbhoy |
||
| 260 |
_aNew Delhi _bGood Word Books |
||
| 300 | _a388:p | ||
| 505 | _aPreface (Page-11), Life Of Muhammad From Birth To Death(Pages-36 To 208). Achievements (Page-211), Personality, Qualities And Teachings (Pages-266 To 355). | ||
| 650 |
_aMuhammad (P.B.U) _9108157 |
||
| 942 |
_2ddc _cBK |
||
| 999 |
_c185420 _d185420 |
||